000 00727nam a2200229 a 4500
001 000043293
003 DO-SdBNP
005 20221005094941.0
007 ta
008 140304s2010 dr 000 0 spa d
040 _aDO-SdBNP
_bspa
_cBNPHU
082 4 _222
100 1 _aRodríguez Cabrer, Miguel Antonio
_92259
245 1 0 _aRelaciones dominico-haitianas 1844-1946. /
_cMiguel Antonio Rodríguez Cabrer.
260 _aSanto Domingo, :
_bUNICARIBE,
_c2010.
300 _a45 p. ;
_c24 cm.
490 1 _aCuadernos Diplomáticos
_v1
590 _aInventariado, 2022/BT
710 1 2 _aUniversidad del Caribe
_bEscuela de Relaciones Internacionales
_970929
830 0 _aCuadernos Diplomáticos
_n1
_970930
942 _2ddc
_cLBS1
999 _c42782
_d42782